000 01332naa a22003497a 4500
001 BR7804435
003 BR-BrBNA
005 20240918174124.0
007 ta
008 230509b bl.||||| |||| 00| 0 por d
040 _aBR-BrBNA
_bpor
_cBiblioteca Nacional de Agricultura
041 _a(Pt)
072 _aF00; F40; F70
_b3300
_bG514
_bGZ74
090 _aF00 BR7804435
100 1 _aMachado, J.W.B.
100 1 _aFerreira, M.B.
111 1 _a23. Congresso Nacional de Botanica
_cBelo Horizonte, MG (Brazil)
_d23 Jan 1977
245 1 _aPlantas ornamentais em cerrado. Mimosa densa Benth. e Cassia chartacea Irvim [Distrito Federal; Brasil]
260 3 _aBelo Horizonte, MG (Brasil):
_c1978.
500 _aAnais da Sociedade Botanica do Brasil. 23. Congresso Nacional de Botanica Belo Horizonte, MG (Brasil): 1978. p. 227-232 (BR7804435-AM)F00
650 _aProducao vegetal
650 _aEcologia vegetal
650 _aTaxonomia vegetal
650 _aPlanta ornamental
650 _aFenologia
650 _aDistribuicao geografica
650 _aPratica cultural
650 _aDistrito Federal
773 0 _tAnais da Sociedade Botanica do Brasil. 23. Congresso Nacional de Botanica
_wF00 BR7804435
_gBelo Horizonte, MG (Brasil), 1978. p. 227-232
909 _a202404
_bLucia
_c55
_dLucia Elande
942 _cAM
_2AGRIS
999 _c309046
_d309046